خود شناسی کی طرف / (Record no. 172722)

MARC details
000 -LEADER
fixed length control field 00587nam a22001937a 4500
005 - DATE AND TIME OF LATEST TRANSACTION
control field 20200212101518.0
010 ## - LCCN (DPL NO)
LC control number A-848344
020 ## - INTERNATIONAL STANDARD BOOK NUMBER
Terms of availability 125.00
035 ## - SYSTEM CONTROL NUMBER
System control number A-848344
037 ## - SOURCE OF ACQUISITION
Source of stock number/acquisition BPPD/Pub.
082 ## - DEWEY DECIMAL CLASSIFICATION NUMBER
Classification number 155.2
100 ## - MAIN ENTRY--PERSONAL NAME
Personal name بیدل سرحری
245 ## - TITLE STATEMENT
Title خود شناسی کی طرف /
Statement of responsibility, etc بیدل سرحری
246 ## - VARYING FORM OF TITLE
Title proper/short title Khud Shanasi Ki Taraf (Urdu) /
Remainder of title by Bedil Sarhadi
260 ## - PUBLICATION, DISTRIBUTION, ETC. (IMPRINT)
Place of publication, distribution, etc Delhi
Name of publisher, distributor, etc Modern Publishing House
Date of publication, distribution, etc 1996 ء
270 ## - ADDRESS
Address 9 Gola Market, Daryaganj
City New Delhi
Postal code 110002
300 ## - PHYSICAL DESCRIPTION
Extent 128p.
Dimensions 20cm(Hb)
942 ## - ADDED ENTRY ELEMENTS (KOHA)
Source of classification or shelving scheme Dewey Decimal Classification
Item type Urdu Bks
Classification part 155.2
Call number suffix آ ہ و
Holdings
Withdrawn status Lost status Not for loan Collection code Home library Current library Date acquired Source of acquisition Cost, normal purchase price Full call number Barcode Copy number Cost, replacement price Koha item type
      Non-fiction Central Library Central Library 12/02/2020 BPPD/Ven. 125.00 155.2 آ ہ و A-848344 1 125.00 Urdu Bks

© Delhi Public Library
Hit Counter
free hit counter